000 00810nam a22002297a 4500
005 20100805140827.0
010 _aENG-98320
020 _a9788190772792
_c100.00
035 _aEN-81853
037 _bDBAD/PUB
082 _a021.650954
100 _aPoonkothai, R.
_96877
245 _aModern librarianship /
_cby R.Poonkothai
260 _aTrichy
_bRasakumaran Pathippagam
_c2008
270 _aNo.4, Kurinji Salai, Annamalai Nagar
_bTrichy
_e18
300 _aiv, 96p.
_c21cm (pbk)
500 _aincludes bibliographical references
650 _aIndia
650 _aLibrary information networks
_96878
942 _2ddc
_cEN
_h021.650954
_mPOO
999 _c39449
_d39449